000 02382cam a2200445 i 4500
001 20317377
003 EG-ScBUE
005 20260510113900.0
008 180130s2016 it a f 000 0 eng d
020 _a9788857231761
035 _a20317377
035 _a(OCoLC)957546222
040 _aERASA
_beng
_erda
_cERASA
_dNYP
_dYDXCP
_dBTCTA
_dBDX
_dOCLCF
_dUVV
_dWAU
_dDLC
_dEG-ScBUE
082 0 4 _a746.92
_222
_bMOM
245 0 0 _aMoments :
_bIFFTI conference, Florence, 12-16 May 2015 /
_cproduced by Polimoda ; curated by Linda Loppa / Polimoda.
250 _aFirst edition.
264 1 _aMilano ;
_aNew York :
_bSkira Editore,
_c2016.
300 _a512 pages :
_billustrations (some color) ;
_c29 cm
336 _atext
_btxt
_2rdacontent
336 _astill image
_bsti
_2rdacontent
337 _aunmediated
_bn
_2rdamedia
338 _avolume
_bnc
_2rdacarrier
500 _a"The 17th Annual IFFTI 2015 Conference, Momenting the Memento, Florence, 12-16 May 2015"--Title page verso.
520 8 _aIn their countless interpretations, fashion, art, architecture, writing, and human sciences were the focus of debates and experimentation at the conference of the International Foundation of Fashion Technology Institutes held in Florence in May 2015. This volume bears witness to the event, divided into six areas of inquiry, represented and linked together by twenty-six installations and performances: the result is a selection of the very best ideas and projects brought to Polimoda from all over the world. A selection of the very best ideas and projects from an international interdisciplinary research project on the cultural value of fashion.
650 7 _aFashion
_xSocial aspects
_vCongresses.
_2BUEsh
650 7 _aFashion and architecture
_vCongresses.
_2BUEsh
650 7 _aFashion and art
_vCongresses.
_2BUEsh
650 7 _aInstallations (Art)
_zItaly
_zFlorence.
_2BUEsh
653 _cMay2026
_bART
655 _vReading book
700 1 _aLoppa, Linda,
_ecurator.
710 2 _aPolimoda (Institute),
_eproducer,
_ecurator.
711 2 _aIFFTI Annual Conference
_n(17th :
_d2015
_cFlorence, Italy)
740 0 2 _aMomenting the Memento.
906 _a7
_bcbc
_ccopycat
_d2
_encip
_f20
_gy-gencatlg
942 _2ddc
_cBB
999 _c31208
_d31179